000 00373nam a2200133Ia 4500
008 231017s9999 xx 000 0 und d
082 _a388.1120994
082 _bCLA
245 0 _aEconomic Evaluation of Road Investment Proposals: Overtaking Lanes - An International Review (AP-R269/05)
245 0 _cAustroads
260 _bAustroads
300 _c30cm
942 _cREP
999 _c604292
_d604292